| LEADER |
00814nam0a2200193 450 |
| 001 |
16848027 |
| 010 |
|
|
|a 978-2-84111-535-8
|b Br.
|d 18
|
| 100 |
|
|
|a 20120410d2012 u u0frey01 ba
|
| 101 |
0 |
|
|a fre
|
| 102 |
|
|
|a FR
|
| 200 |
0 |
|
|a coeur n'a pas de rides (Le)
|f Marina Rozenman
|
| 207 |
|
1 |
|a
|
| 210 |
|
|
|a Paris
|c Nil
|d 2012
|
| 215 |
|
|
|a 1 vol.
|d 21 x 14 cm
|
| 330 |
|
|
|a Inspirée par la dernière histoire d'amour de sa grand-mère de 71 ans, une jeune journaliste part à la rencontre de celles et de ceux qui retrouvent l'amour après 70 ans. Dix portraits de couples dans la France des années 1940 à nos jours.
|
| 700 |
|
0 |
|a Rozenman
|b Marina
|4 70
|
| 900 |
|
|
|a Documentaire
|
| 901 |
|
|
|a Accessible au prêt
|
| 995 |
|
|
|a Bibliothèque
|c Bibliothèque
|f 00156007707656
|h 00156007707656
|k 305.26 ROZ
|o p
|q a
|r az
|e Bibliothèque
|